California General Knowledge - Statistics

General Stats
  • This quiz has been taken 173 times
  • The average score is 11 of 15
Answer Stats
Hint Answer % Correct
Capital city known for its gold rush Sacramento
95%
Nickname: ______ State Golden
94%
Major iconic suspension bridge in above city Golden Gate
90%
Second largest city in america on California coast Los Angeles
90%
Major city on the tip of a peninsula San Francisco
90%
National park known for being extremely hot Death Valley
89%
Major technology company founded in Cupertino Apple
84%
Major city on the coast known for its beaches San Diego
83%
National park and forest known for its giant trees Redwood
72%
37th president born in Yorba Linda Richard M. Nixon
70%
National Park in mountains. known for its trees Yosemite
70%
Major mountain range in California Sierra Nevada
64%
Large city and major technology hub San Jose
61%
Private research university near Silicon Valley Stanford
51%
Major financial services company HQed in SF Wells Fargo
12%
No matching quizzes found
Score Distribution
Percent of People with Each Score
Percentile by Number Answered
Your Score History
You have not taken this quiz